000 00260 a2200097 4500
001 41779
100 _aSmith A
245 _aAn Inquiry in to the Natural Causes of the Wealth of Nations
260 _aLondon
_bEncyclopedia Britannica
_c
090 _c25890
_d25890
942 _aNUST-CAE
_cM
_c17658
999 _c276852
_d276852